-
LIPSCHUTZ, SEYMOUR AND LIPSON, MARC LARS
Entry Personal Name
Number of records used in: 1
001 - CONTROL NUMBER
003 - CONTROL NUMBER IDENTIFIER
005 - DATE AND TIME OF LATEST TRANSACTION
- control field:
20240906095353.0
008 - FIXED-LENGTH DATA ELEMENTS
- fixed length control field:
240906|| aca||aabn | a|a d
040 ## - CATALOGING SOURCE
- Original cataloging agency:
JRU
- Transcribing agency:
JRU
100 ## - HEADING--PERSONAL NAME
- Personal name:
LIPSCHUTZ, SEYMOUR AND LIPSON, MARC LARS
670 ## - SOURCE DATA FOUND
- Source citation:
Work cat.: (JRU)2469: LIPSCHUTZ, SEYMOUR AND LIPSON, MARC LARS, DISCRETE MATHEMATICS , 2006